Регионална библиотека "Любен Каравелов" - Русе

Две съдби - Последно изкушение (Запис номер 113616)

MARC детайли
000 -Лидер
Контролно поле с фиксирана дължина 01416nam a2200325 c 4500
003 - Код на организацията, давaща контролен номер
Контролно поле BLK
005 - Дата и час на последна редакция
Контролно поле 20250317125025.0
008 - Елементи от данни с фиксирана дължина
fixed length control field 180409b bul|||||r ||||||| ||bul||
010 ## - Наследен системен номер
LC control number KNG00119032000
020 ## - Международен стандартен номер на книга ISBN
Международен стандартен номер на книга ISBN 978-954-409-291-7
-- издат.: Плеяда
040 ## - Източник на каталожния запис
Идентификатор на билиотеката - собственик на записа BLK
041 ## - Код за език
Код за езика на текст/звукозапис или на отделно заглавие Български
Код за езика КДБФ Български
080 ## - УДК
Текстов определител УДК Руска литература
УДК код - определител по УДК 821.161.1
УДК определител -31
УДК - код + определител 821.161.1-31
100 1# - Редна дума - Автор
Автор Малков, Семьон Наумович
Авторска отговорност първи автор
R(LIN) 299431
139 ## - Редно поле
Редна дума Малков, Семьон Наумович
Авторски знак Малк - М 23
245 10 - Сведения за заглавието
Заглавие Две съдби - Последно изкушение
Подзаглавни данни Роман
Редно поле (дума) Семьон Наумович Малков; прев. от рус. Любомир Чолаков.
257 ## - Страна на издаване
Страна на създаване/издаване Русия
260 ## - Област на издателските данни
-- София
Име на издателя, разпространителя и проч. Плеяда
Година на издаване 2009
Печатница София : Петекстон
300 ## - Физическа характеристика
Страници 344 с.
Размери/Мащаб 20 см
380 ## - Жанр
Жанр Худож. лит.
500 ## - Общи забележки
Забележка Ориг. загл. Две судьбы. Последнее искушение. Эпилог / Семен Мальков. - Офс. изд. Кн. 7 от сагата Две съдби.
653 ## - Ключова дума – ненормативна
Ключова дума романи
700 1# - Други автори (авторска отговорност)
Лично име Чолаков, Любомир
Автороска отговорност (Описва отношението между автора и произведението) прев. от рус.
9 (RLIN) 366573
852 ## - Местоположение
Форматна сигнатура Цб 240523
856 4# - Електронен адрес и достъп
Електронен формат pdf - файл
Път до файла /url/
856 4# - Електронен адрес и достъп
Електронен формат pdf - файл
Път до файла /url/
942 ## - АРТИКУЛИ
Вид на библиотечния материал Книги
Скрит в OPAC Не
Koha issues (borrowed), all copies 18
944 ## - СЪЗДАВАНЕ И РЕДАКЦИЯ на ЗАПИСА
Създаване/Редакция Създаване
Дата на регистрацията/редакция 12.08.2009
Статус, дата на статуса Виолета Тройчева
Служител, извършил регистрацията/редакцията 30552
944 ## - СЪЗДАВАНЕ И РЕДАКЦИЯ на ЗАПИСА
Създаване/Редакция Редакция
Дата на регистрацията/редакция 20.06.2017
Статус, дата на статуса ф /
Служител, извършил регистрацията/редакцията Людмила_Стоянова
999 ## - СИСТЕМНИ КОНТРОЛНИ НОМЕРА
Koha biblionumber 113616
Koha biblioitemnumber 113616
Наличности
Код за отписване Код за изгубен артикул Код за повреда Коз за рестрикции Код за отдаване Артикулен № Име на библиотеката - собственик Име на библиотеката, в която се намира в момента Статус (Текущо местоположение) Дата на вписване в системата Местоположение - отдел Цена в лева Инвентарен номер Систематично азбучна сигнатура Баркод Номер на екземпляра Цена в евро Служебна бележка Служебен тип на артикула Бележка за публиката Източник на класификационната схема
  Не е изгубен Не е повреден без рестрикции заемане за дома 181952 Регионална библиотека "Любен Каравелов" Русе Регионална библиотека "Любен Каравелов" Русе Заемна - подръчен фонд 2009-08-12 Заемна - подръчен фонд 12.00 120000737252 П 882-31/М 23 120000737252 1 6.14 Дост: Pk Вид: Ф N: 49 Дата: 06.08.2009 Дата инв: 16.02.2018 Бележки инв: П2018 Книги    
Изтеглен Не е изгубен Не е повреден без рестрикции заемане за дома 181953 Регионална библиотека "Любен Каравелов" Русе Регионална библиотека "Любен Каравелов" Русе   2009-08-12 Заемна - подръчен фонд 12.00 120000737253 П 882-31/М 23 120000737253 2 6.14 Дост: Pk Вид: Ф N: 49 Дата: 06.08.2009 Книги Отч.N: 50/2017 , Дата: 10.10.2017  
Изтеглен Не е изгубен Не е повреден без рестрикции заемане за дома 181954 Регионална библиотека "Любен Каравелов" Русе Регионална библиотека "Любен Каравелов" Русе Заемна - подръчен фонд 2009-08-12 Заемна - подръчен фонд 12.00 120000737254 П 882-31/М 23 120000737254 3 6.14 Дост: Pk Вид: Ф N: 49 Дата: 06.08.2009 Дата инв: 12.02.2018 Бележки инв: П2018 Книги   Universal Decimal Classification
Изтеглен Не е изгубен Не е повреден без рестрикции заемане за дома 181955 Регионална библиотека "Любен Каравелов" Русе Регионална библиотека "Любен Каравелов" Русе Заемна - подръчен фонд 2009-08-12 Заемна - подръчен фонд 12.00 120000737255 П 882-31/М 23 120000737255 4 6.14 Дост: Pk Вид: Ф N: 49 Дата: 06.08.2009 Книги   Universal Decimal Classification
  Не е изгубен Не е повреден без рестрикции ползва се в читалня 181956 Регионална библиотека "Любен Каравелов" Русе Регионална библиотека "Любен Каравелов" Русе Хранилище 2011-02-07 Хранилище 12.00 120000749000 Цб 240523 120000749000 5 6.14 Дост: Dp Вид: Д N: 20 Дата: 19.05.2010 Книги    
  Не е изгубен Не е повреден без рестрикции заемане за дома 181957 Регионална библиотека "Любен Каравелов" Русе Регионална библиотека "Любен Каравелов" Русе Заемна - подръчен фонд 2017-05-26 Заемна - подръчен фонд 3.00 120000811524 П 882-31/М 23 120000811524 6 1.53 Дост: Pk Вид: Ф N: 490 Дата: 26.05.2017 Дата инв: 12.02.2018 Бележки инв: П2018 Книги   Universal Decimal Classification
Vip Innovations Ltd, Rousse, Bulgaria 2025